| Tag |
First Indicator |
Second Indicator |
Subfields |
| LEADER |
00000cam a2200000Ii 4500 |
| 001 |
in00003834921 |
| 006 |
m o d |
| 007 |
cr cnu---unuuu |
| 008 |
150827s2015 mdu o 001 0 eng d |
| 005 |
20260609152512.1 |
| 040 |
|
|
|a KNOVL
|b eng
|e rda
|e pn
|c KNOVL
|d OCLCQ
|d KKS
|d LVT
|
| 020 |
|
|
|a 9781680157161
|q (electronic bk.)
|
| 020 |
|
|
|a 1680157167
|q (electronic bk.)
|
| 035 |
|
|
|a (OCoLC)919254101
|
| 043 |
|
|
|a n-us---
|
| 050 |
|
4 |
|a HD9675.D533
|b U6 2015eb
|
| 082 |
0 |
4 |
|a 381.456646
|2 22
|
| 049 |
|
|
|a TXAM
|
| 245 |
0 |
0 |
|a Dietary supplements compendium.
|
| 246 |
1 |
0 |
|a 2015 USP dietary supplements compendium
|
| 246 |
1 |
0 |
|a 2015 dietary supplements compendium
|
| 264 |
|
1 |
|a Rockville, MD :
|b United States Pharmacopeial Convention,
|c [2015]
|
| 264 |
|
4 |
|c ©2015
|
| 300 |
|
|
|a 1 online resource (2 volumes)
|
| 336 |
|
|
|a text
|b txt
|2 rdacontent
|
| 337 |
|
|
|a computer
|b c
|2 rdamedia
|
| 338 |
|
|
|a online resource
|b cr
|2 rdacarrier
|
| 520 |
|
|
|a The 2015 USP Dietary Supplements Compendium (DSC) has been significantly updated and expanded into a two-volume set. The new DSC features are 75 new dietary supplement monographs--nearly 500 in all--from USP 38-NF 33 through the First Supplement; 27 new General Chapters; More than 175 excipient monographs; Over 200 Food Chemicals Codex (FCC) monographs; More than 40 new and revised DSC admission evaluations and Includes over 150 added pages of color plates and illustrations.
|
| 500 |
|
|
|a Includes index.
|
| 588 |
0 |
|
|a Print version record.
|
| 650 |
|
0 |
|a Dietary supplements industry.
|
| 650 |
|
0 |
|a Dietary supplements.
|
| 650 |
|
7 |
|a Dietary supplements.
|2 fast
|0 (OCoLC)fst00893336
|
| 650 |
|
7 |
|a Dietary supplements industry.
|2 fast
|0 (OCoLC)fst00893347
|
| 650 |
1 |
2 |
|a Dietary Supplements
|x standards.
|
| 650 |
2 |
2 |
|a Food Industry
|x standards.
|
| 651 |
|
2 |
|a United States.
|
| 655 |
|
7 |
|a Electronic books.
|2 local
|
| 710 |
2 |
|
|a Knovel (Firm)
|
| 856 |
4 |
0 |
|u http://proxy.library.tamu.edu/login?url=https://app.knovel.com/hotlink/toc/id:kpDSCV0003/dietary-supplements-compendium
|z Connect to the full text of this electronic book
|t 0
|
| 999 |
f |
f |
|s 76d3ff0c-2217-3568-af53-86be5f21ac0a
|i 5ad1b6b1-f3f6-3dba-9a09-27e58310f39a
|t 0
|
| 952 |
f |
f |
|a Texas A&M University
|b College Station
|c Electronic Resources
|s www_evans
|d Available Online
|t 0
|e HD9675.D533 U6 2015eb
|h Library of Congress classification
|
| 998 |
f |
f |
|a HD9675.D533 U6 2015eb
|t 0
|l Available Online
|